000 00254nam a22000977a 4500
022 _a2394-2789
245 _aINTERNATIONAL JOURNAL OF PHARMACEUTICAL CHEMISTRY AND ANALYSIS
260 _aINDIA
_bINNOVATIVE PBU.
_c2015
310 _aQUARTERLY
942 _2ddc
_cLJ
999 _c7681
_d7681